000 00374nam a2200145Ia 4500
008 230711s9999||||xx |||||||||||||| ||und||
041 _aENG
082 _a624
_bSA-I
100 _aSahasrabudhe,S.R
245 0 _aIrrigation engineering and hydraulic structures
250 _a1st Ed.
260 _c1990
_aNew Delhi
_bS.K Kataria & Sons
650 _aCivil Engineering
942 _cBK
999 _c76
_d76